00945nam a22002417a 4500003000500000005001700005008004100022010001000063011001000073035001000083040000900093082002000102110003500122245006400157260003800221300001100259505026700270650005100537700003000588700004000618700002700658700001800685CHAP20260227114927.0971013s1938 r 00010 d a56641 a57613 a61768 cCHAP a630.63bS6 1937 aSociedad Agronómica Mexicana aPrimer ciclo de conferencias de Octubre a Noviembre de 1937 aMéxico, D.F. :bD.A.P.P.,c1938 a102 p. aContenido: La explotación agrícola de la U.R.S.S., por M. Sousa.-- El problema agrario en España, por J. Silva Herzog.-- La socialización de la tierra, por R. Fernández y Fernández.-- La economía ejidal de Morelos, por E. Alanís Patiño.-- El pr14aAgriculturaxDiscursos, ensayos, conferencias.1 aAlanís Patiño, Emilio0 aFernández y Fernández, Ramón.0 aSilva Herzog, Jesús.0 aSouza, Mario.